00627nam a2200157Ia 4500008004100000020001800041041000800059082001300067100002200080245012100102260002900223300000900252906000800261999001700269952018300286221201s9999 xx 000 0 und d a9780814408759 aeng a658.4RIC aRichman L9104121 aImproving Your Project Management Skills : Base On The Best Selling Seminar By The American Management Association.  aNew YorkbAmacom, c2006 a208p b621 c83439d83439 00102ddc40708Book of B ArchaBNCAbBNCAd2022-08-12eWord Bookg621.00i1080l2m1o658.4 RICpBNCA-BK-11890r2023-03-21 00:00:00s2023-03-06v1242.00w2022-12-01yBKzB11890